000 01076cad a22002055a 4500
001 L154617
008 120105e20111228xxk 000 0 eng d
035 _a(Sirsi) u154617
041 0 _aeng
110 2 _aUnited Kingdom
_bDepartment for Environment, Food and Rural Affairs
245 0 0 _a£100 000 fund to help farmers protect wildlife and manage flood risk
_h[electronic resource]
260 _c2011
490 _aDEFRA News Release
_v28 December 2011
520 _aTwelve local Internal Drainage Boards across England have been awarded extra funding to support projects which improve the local natural environment or help protect communities. The £100 000 fund will help reduce the risk of flooding, maintain farmland and create new wildlife habitats.
590 _aKA
651 4 _aEngland
_y886-
690 _aENVIRONMENTAL AND LAND CONSULTANCY-AGRIBUSINESS-AGRICULTURE
856 4 0 _uhttps://www.defra.gov.uk/news/2011/12/28/100000-fund-to-help-farmers-protect-wildlife-and-manage-flood-risk/
_zView the news release free of charge at www.degra.gov.uk
942 _n0
999 _c83684
_d83684